000
00239nam a22000977a 4500
999
_c
516817
_d
516817
082
_a
TNC
100
_a
Dinwiddy, Bruce
_9
23533
245
_a
Promoting african enterprise
_c
by Bruce Dinwiddy
260
_a
London
_b
O.D.I.
_c
1974
300
_a
124p.